00289nam a2200121Ia 4500008004100000100001800041245003900059260002700098300000800125650001000133942000700143999001700150190216s9999||||xx |||||||||||||| ||und|| aSuresh Mamgai 0aHindi-Gadravali Masha Aur Sahithya bNavraj Prakashanc2008 a232 aHindi cBK c16913d16913